Liedtext Digimon-ich werde da sein - Statistiken

Allgemein
  • Dieses Quiz wurde 126 mal gespielt
  • Das Durchschnittsergebnis liegt bei 105 aus 134
Antwortstatistiken
Antwort % Korrekt
da
100%
ich
100%
Ich
100%
sein
100%
werde
100%
wenn
98%
Wenn
98%
ihr
96%
mich
94%
werden
93%
wir
93%
Wir
93%
auf
89%
braucht
89%
weit
89%
ein
85%
keine
83%
kommen
83%
weiß
83%
bin
81%
Denn
81%
hab
81%
was
81%
zu
81%
alle
80%
der
80%
Der
80%
die
80%
wird
80%
wird
80%
für
78%
mit
78%
niemals
78%
sehen
78%
Weg
78%
Es
76%
geben
76%
haben
76%
keiner
76%
sind
76%
bei
74%
bereit
74%
das
74%
ist
74%
Kraft
74%
bestehen
72%
kann
72%
muss
72%
so
72%
gehen
70%
wie
70%
Wie
70%
viel
69%
euch
67%
genau
67%
nehm´s
67%
Ob
67%
schon
67%
unsere
67%
Angst
65%
Doch
65%
gut
65%
dann
63%
Kämpfe
63%
mir
63%
Team
63%
dich
61%
müssen
61%
viele
61%
geschehen
59%
überstehen
59%
Um
59%
Abenteuer
57%
allem
57%
Reise
57%
Zeichen
57%
erreichen
56%
gebt
56%
weitergehen
56%
Ziel
56%
Gefahr
54%
helfen
54%
wollt
52%
lauert
50%
scheint
50%
Überall
50%
klar
48%
Endlos
43%
Keine übereinstimmenden Quizze gefunden
Verteilung der Resultate
Anzahl Personen mit jedem Resultat
Perzentil nach korrekt beantworteten Fragen
Ihre Resultats-Entwicklung
Sie haben dieses Quiz noch nicht gespielt